An introduction to sieve methods and their applications / (رقم التسجيلة. 32576)

تفاصيل مارك
000 -الفاتح
حقل البيانات ثابتة الطول 01654cam a22004097a 4500
001 - رقم الضبط
رقم الضبط 14329850
003 - محدد رقم الضبط
رقم الضبط OSt
005 - وقت وتاريخ اخر تعامل مع التسجيلة
رقم الضبط 20150408114157.0
008 - عناصر البيانات ثابتة الطول - معلومات عامة
حقل البيانات ثابتة الطول 060405s2005 enk f b 001 0 eng d
010 ## - رقم ضبط مكتبة الكونجرس
رقم ضبط مكتبة الكونجرس 2006296103
015 ## - رقم الببليوجرافية الوطنية
رقم الببليوجرافية الوطنية GBA554518
المصدر bnb
016 7# - رقم ضبط الوكاله الوطنية للضبط الببليوجرافي
رقم ضبط التسجيلة 013240089
المصدر Uk
020 ## - الرقم الدولى المعيارى للكتب
الرقم الدولى المعيارى للكتاب 9780521848169 (hbk.)
020 ## - الرقم الدولى المعيارى للكتب
الرقم الدولى المعيارى للكتاب 0521848164 (hbk.)
020 ## - الرقم الدولى المعيارى للكتب
الرقم الدولى المعيارى للكتاب 9780521612753 (pbk.)
020 ## - الرقم الدولى المعيارى للكتب
الرقم الدولى المعيارى للكتاب 0521612756 (pbk.)
035 ## - رقم ضبط النظام
رقم ضبط النظام (OCoLC)ocm60794238
040 ## - مصدر الفهرسة
وكالة الفهرسة الأصلية UKM
وكالة النسخ UKM
وكالة التعديل BWKUK
-- IXA
-- DLC
042 ## - رمز التحقق
رمز التحقق lccopycat
050 00 - رقم طلب مكتبة الكونجرس
رقم التصنيف QA246
رقم المادة .C65 2005
082 04 - رقم تصنيف ديوى العشرى
رقم التصنيف 512.73
رقم الطبعة 22
رقم المادة CAI
100 1# - المدخل الرئيسى - إسم شخصى
الإسم الشخصى Cojocaru, Alina.
9 (RLIN) 40927
245 13 - بيان العنوان
العنوان An introduction to sieve methods and their applications /
بيان المسئوليه,etc Alina Caremn Cojocaru, M. Ram Murty.
260 ## - PUBLICATION, DISTRIBUTION, ETC. (IMPRINT)
مكان الناشر او الموزع Cambridge, UK ;
-- New York :
اسم الناشر او الموزع Cambridge University Press,
تاريخ النشر أو التوزيع 2005.
300 ## - الوصف المادى
التعداد xii, 224 p. ;
أبعاد الوعاء 24 cm.
440 #0 - بيان السلسلة/مدخل إضافى-العنوان
العنوان London Mathematical Society student texts ;
رقم المجلد/ التعيين التسلسلي 66
9 (RLIN) 40928
504 ## - تبصرة ببليوجرافية
تبصرة ببليوجرافية,الخ Includes bibliographical references (p. 218-221) and index.
650 #0 - المدخل الاضافى بالموضوع-مصطلح موضوعى
مصطلح موضوعي أو اسم جغرافي كعنصر مدخل Sieves (Mathematics)
9 (RLIN) 40929
700 1# - المدخل الاضافى - اسم شخصى
الإسم الشخصى Murty, Maruti Ram.
9 (RLIN) 39818
710 2# - المدخل الاضافى - اسم هيئه
اسم الهيئة أو اسم السلطة كمدخل London Mathematical Society.
9 (RLIN) 40930
856 42 - الوصول و الموقع الالكترونى
مواد محددة Publisher description
معرف المصدر الموحد <a href="http://www.loc.gov/catdir/enhancements/fy0642/2006296103-d.html">http://www.loc.gov/catdir/enhancements/fy0642/2006296103-d.html</a>
856 41 - الوصول و الموقع الالكترونى
مواد محددة Table of contents only
معرف المصدر الموحد <a href="http://www.loc.gov/catdir/enhancements/fy0642/2006296103-t.html">http://www.loc.gov/catdir/enhancements/fy0642/2006296103-t.html</a>
856 42 - الوصول و الموقع الالكترونى
مواد محددة Contributor biographical information
معرف المصدر الموحد <a href="http://www.loc.gov/catdir/enhancements/fy0733/2006296103-b.html">http://www.loc.gov/catdir/enhancements/fy0733/2006296103-b.html</a>
906 ## - عنصر بيانات محلى F, LDF (RLIN)
a 7
b cbc
c copycat
d 2
e ncip
f 20
g y-gencatlg
942 ## - عناصر المدخل الإضافي( كوها)
مصدر التصنيف او مخطط الترفيف Dewey Decimal Classification
Koha [default] item type كتاب

لا توجد مواد متاحة.